000 005570000a22001810004500
003 MACL
005 20160407113253.0
008 160407b xxu||||| |||| 00| 0 eng d
040 _aMACL
_cMACL
041 _aHindi
082 _a370
100 _aजॉर्ज डैनीसन
_950864
245 _aबच्‍चों का जीवन एक स्‍कूल की कहानी
260 _bग्रंथ शिल्‍पी
_c1996
_aदिल्‍ली
350 _a225
650 _aEducation
_950865
942 _cHIN
_k370
_2ddc
999 _c10160
_d10160